000 00973cam a2200313 i 4500
003 EG-ScBUE
005 20260125092253.0
008 000822t2000 nyua fr 000 0 eng d
020 _a0716736047
020 _a9780716736042
040 _aESU
_beng
_erda
_cESU
_dEG-ScBUE
082 0 4 _a572.8
_222
_bWOR
245 0 0 _aWorking with Molecular cell biology :
_ba study companion /
_cBrian Storrie [and four others]
246 3 0 _aMolecular cell biology
250 _aFourth edition.
264 1 _aNew York :
_bW. H. Freeman and Company,
_c[2000]
264 4 _cc2000
300 _a1 volume (various pagings) :
_billustrations ;
_c28 cm
336 _2rdacontent
_atext
_btxt
337 _aunmediated
_2rdamedia
_bn
338 _avolume
_bnc
_2rdacarrier
650 7 _aCytology.
_2BUEsh
650 7 _aMolecular biology.
_2BUEsh
_938995
651 _2BUEsh
653 _bPPhrm
_cMarch2016
655 _vReading book
700 1 _aStorrie, Brian,
_eauthor.
942 _2ddc
_cBB
999 _c21461
_d21433